Library Banner

Imam Khomeini towards Islamic World Order / (Record no. 130823)

MARC details
000 -LEADER
fixed length control field 00450nam a22001577a 4500
005 - DATE AND TIME OF LATEST TRANSACTION
control field 20230522114215.0
008 - FIXED-LENGTH DATA ELEMENTS--GENERAL INFORMATION
fixed length control field 230522b ||||| |||| 00| 0 eng d
040 ## - CATALOGING SOURCE
Transcribing agency PK-LaUMT
082 ## - DEWEY DECIMAL CLASSIFICATION NUMBER
Classification number 320.955
Item number SYE-I
100 ## - MAIN ENTRY--PERSONAL NAME
Personal name Syed Abdul Quddus
245 ## - TITLE STATEMENT
Title Imam Khomeini towards Islamic World Order /
Statement of responsibility, etc by Syed Abdul Quddus
260 ## - PUBLICATION, DISTRIBUTION, ETC. (IMPRINT)
Place of publication, distribution, etc Lahore :
Name of publisher, distributor, etc Progressive Publishers,
Date of publication, distribution, etc 1994
300 ## - PHYSICAL DESCRIPTION
Extent 274 p.
650 ## - SUBJECT ADDED ENTRY--TOPICAL TERM
Topical term or geographic name as entry element Political situation-Iran
942 ## - ADDED ENTRY ELEMENTS (KOHA)
Koha item type Books
Holdings
Withdrawn status Lost status Damaged status Home library Current library Date acquired Full call number Barcode Date last seen Price effective from Koha item type
      UMT Main Campus UMT Main Campus 2023-05-22 320.955 SYE-I 144860 2023-05-22 2023-05-22 Books